Zambia: (Record no. 1288)
[ view plain ]
| 000 -LEADER | |
|---|---|
| fixed length control field | 00926nam a22002537a 4500 |
| 005 - DATE AND TIME OF LATEST TRANSACTION | |
| control field | 20240624073412.0 |
| 008 - FIXED-LENGTH DATA ELEMENTS--GENERAL INFORMATION | |
| fixed length control field | 240613b |||||||| |||| 00| 0 eng d |
| 020 ## - INTERNATIONAL STANDARD BOOK NUMBER | |
| International Standard Book Number | 97882770111127 (hbk) |
| 040 ## - CATALOGING SOURCE | |
| Original cataloging agency | KMU |
| Transcribing agency | KMU |
| Modifying agency | KMU |
| Description conventions | rda |
| 050 ## - LIBRARY OF CONGRESS CALL NUMBER | |
| Classification number | G 2576.G3 |
| 110 ## - MAIN ENTRY--CORPORATE NAME | |
| Corporate name or jurisdiction name as entry element | Zambia Environmental Management Agency (ZEMA) |
| 245 ## - TITLE STATEMENT | |
| Title | Zambia: |
| Remainder of title | Atlas of our changing Environment/ |
| Statement of responsibility, etc. | Zambia Environmental Management Agency(ZEMA), United Nations Environment Programme(UNEP), GRID-Arendal and GRID-Sioux Falls |
| 260 ## - PUBLICATION, DISTRIBUTION, ETC. | |
| Place of publication, distribution, etc. | Lusaka: |
| Date of publication, distribution, etc. | 2013. |
| Name of publisher, distributor, etc. | ZEMA, |
| 300 ## - PHYSICAL DESCRIPTION | |
| Extent | ii,124 P.: |
| Other physical details | ill.; |
| Dimensions | 35cm |
| 500 ## - GENERAL NOTE | |
| General note | Include key findings, references, index and editorials |
| 610 ## - SUBJECT ADDED ENTRY--CORPORATE NAME | |
| Corporate name or jurisdiction name as entry element | Atlas |
| 610 ## - SUBJECT ADDED ENTRY--CORPORATE NAME | |
| Corporate name or jurisdiction name as entry element | Zambia |
| 610 ## - SUBJECT ADDED ENTRY--CORPORATE NAME | |
| Corporate name or jurisdiction name as entry element | Environmental Management Agency (ZEMA) |
| 610 ## - SUBJECT ADDED ENTRY--CORPORATE NAME | |
| Corporate name or jurisdiction name as entry element | United Nations Environment Programme |
| 710 ## - ADDED ENTRY--CORPORATE NAME | |
| Corporate name or jurisdiction name as entry element | United Nations Environment Programme |
| 710 ## - ADDED ENTRY--CORPORATE NAME | |
| Corporate name or jurisdiction name as entry element | GRID-Arendal |
| 710 ## - ADDED ENTRY--CORPORATE NAME | |
| Corporate name or jurisdiction name as entry element | GRID Sioux Falls |
| 942 ## - ADDED ENTRY ELEMENTS (KOHA) | |
| Source of classification or shelving scheme | Library of Congress Classification |
| Koha item type | Reference |
| Suppress in OPAC | No |
| Withdrawn status | Lost status | Source of classification or shelving scheme | Damaged status | Not for loan | Collection | Home library | Current library | Shelving location | Date acquired | Source of acquisition | Total Checkouts | Full call number | Barcode | Date last seen | Price effective from | Koha item type |
|---|---|---|---|---|---|---|---|---|---|---|---|---|---|---|---|---|
| Library of Congress Classification | Reference | Kapasa Makasa University | Kapasa Makasa University | Reference | 13.06.2024 | CBU | G 2576.G3 Zam | 748112 | 13.06.2024 | 13.06.2024 | Reference |